| 000 | 00722nam a22002297 4500 | ||
|---|---|---|---|
| 001 | 57872 | ||
| 005 | 20250808161058.0 | ||
| 008 | 241128r |||a|||gr|||| 00| 0 spa d | ||
| 020 | _a9788411835558 | ||
| 040 |
_aCO-BoRNBP _bspa _erda _cCO-BoRNBP |
||
| 245 | 0 | 3 |
_aLa realidad narrativa en la escritura académica _ctraductor Mario Arteaga Valencia |
| 250 | _aPrimera edición | ||
| 264 | 1 |
_aMadrid, España _bTirant Humanidades _c2024 |
|
| 300 |
_a185 páginas _c22 cm. |
||
| 336 |
_atexto _btxt _2rdacontenido |
||
| 337 |
_asin mediación _bn _2rdamedio |
||
| 338 |
_avolumen _bnc _2rdasoporte |
||
| 653 | _aEscritura | ||
| 653 | _aNarrativa | ||
| 700 | 1 |
_aArteaga Valencia, Mario _etraductor _961922 |
|
| 942 | _cBK | ||
| 999 |
_c57872 _d57872 |
||